Normal view MARC view
  • Poesía

Entry Materia

Number of records used in: 81

001 - NÚMERO DE CONTROL DEL REGISTRO

  • campo de control: 1400

003 - IDENTIFICADOR DE NUMERO DE CONTROL

  • campo de control: UPN

005 - FECHA Y HORA DE LA ÚLTIMA TRANSACCIÓN

  • campo de control: 20240924111742.0

008 - DATOS DE LONGITUD FIJA

  • campo de control de longitud fija: 230814n||acnnnbabn | ana |d

035 ## - NÚMERO DE CONTROL DEL SISTEMA

  • Número de control del sistema: UPN10000001400

040 ## - FUENTE DE LA CATALOGACIÓN

  • Lengua de catalogación: spa
  • Agencia de transcripción: MX-MxUPN
  • Centro catalogador de origen: MX-MxUPN

046 ## - FECHAS CON CODIFICACIÓN ESPECIAL

  • Fecha final para contenidos agregados: 220607

150 ## - ENCABEZAMIENTO - TEMÁTICO

  • Término de materia o nombre geográfico como elemento inicial: Poesía

360 ## - REFERENCIA COMPLEJA DE VÉASE ADEMÁS - MATERIA

  • Texto explicativo: Véase también
  • Encabezamiento al que se remite: POESIA INGLESA [FRANCESA, ITALIANA,
  • Texto explicativo: etc.] y subdivisión de:
  • Encabezamiento al que se remite: POESIA
  • Texto explicativo: bajo materias particulares. Ej.:
  • Encabezamiento al que se remite: MUSICA - POESIA,
  • Texto explicativo: y bajo nombres de personas famosas

450 ## - VÉASE - MATERIA

  • Encabezamiento temático: Poesía coral

670 ## - FUENTE EN LA QUE SE LOCALIZARON DATOS

  • Cita de la fuente: E

902 ## - CATALOGADOR

  • Catalogador: CAA/180996